[Event "Druzynowe Mistrzostwa Polski - II Liga Seniorow"]
[Site "Ustron/Slaski Zwiazek Szachowy"]
[Date "2008.09.06"]
[Round "1.1"]
[White "Hera, Imre"]
[Black "Walach, Marcin"]
[Result "1/2-1/2"]
[WhiteTitle "GM"]
[BlackTitle "FM"]
[WhiteElo "2518"]
[BlackElo "2410"]

1. Nf3 d5 2. c4 d4 3. g3 c5 4. b4 cxb4 5. a3 bxa3 6. Bxa3 Nc6 7. d3 e5 8. Bxf8
Kxf8 9. Bg2 g6 10. O-O Kg7 11. Nbd2 Nf6 12. Qb3 Re8 13. Rfb1 h6 14. Ne1 Re7 15.
Qa3 Qc7 16. Nc2 h5 17. Nb4 Nxb4 18. Rxb4 h4 19. Rb5 hxg3 20. hxg3 a6 21. Rb2
Rb8 22. Rab1 b6 23. c5 b5 24. c6 Re8 25. Nb3 Rb6 26. Nc5 e4 27. Nxe4 Rxc6 28.
Qb4 Rc1+ 29. Bf1 Nxe4 30. dxe4 Rxe4 31. Qd2 Rxb1 32. Rxb1 Qc3 33. Qg5 Be6 34.
Rc1 f6 35. Rxc3 fxg5 36. Rc7+ Kh6 37. Ra7 Bc4 38. Rxa6 Re6 39. Ra1 Bxe2 40.
Bxe2 Rxe2 41. Rd1 Re4 42. f3 Re6 43. Rxd4 Rb6 44. Rb4 Kg7 45. Kf2 Kf6 46. Ke3
Ke5 47. Kd3 Rb8 48. Re4+ Kf5 49. Rb4 Rd8+ 50. Kc3 Rd5 51. Re4 Rc5+ 52. Kd3 Rd5+
53. Kc3 Re5 54. Rb4 Re3+ 55. Kd2 Rxf3 56. g4+ Ke5 57. Ke2 Rf6 58. Rxb5+ Kf4 59.
Kf2 Kxg4+ 60. Kg2 Kh4 61. Rb4+ g4 62. Rb8 Rf3 63. Rh8+ Kg5 64. Ra8 Rb3 65. Rc8
Re3 66. Rf8 Kh6 67. Rh8+ Kg7 68. Rh4 g3 69. Rf4 Kh6 70. Ra4 Kh5 71. Rb4 Kg5 72.
Rb5+ Kg4 73. Rb4+ Kh5 74. Ra4 g5 75. Rb4 g4 76. Rb8 1/2-1/2

[Event "Druzynowe Mistrzostwa Polski - II Liga Seniorow"]
[Site "Ustron/Slaski Zwiazek Szachowy"]
[Date "2008.09.06"]
[Round "1.2"]
[White "Jablonka, Krzysztof"]
[Black "Kosiorek, Marek"]
[Result "1/2-1/2"]
[WhiteTitle "I"]
[BlackTitle "m"]
[WhiteElo "2049"]
[BlackElo "2371"]

1. d4 Nf6 2. Nf3 b5 3. e3 a6 4. Bd3 Bb7 5. O-O e6 6. Nbd2 c5 7. c3 Be7 8. Qe2
O-O 9. e4 cxd4 10. cxd4 Nc6 11. e5 Nd5 12. Ne4 Qb6 13. Rd1 Ncb4 14. Bb1 f5 15.
exf6 Nxf6 16. Nxf6+ gxf6 17. Ne5 fxe5 18. Bxh7+ Kxh7 19. Qh5+ Kg8 20. Qg6+
1/2-1/2

[Event "Druzynowe Mistrzostwa Polski - II Liga Seniorow"]
[Site "Ustron/Slaski Zwiazek Szachowy"]
[Date "2008.09.06"]
[Round "1.3"]
[White "Karbowiak, Adam"]
[Black "Michalczyk, Stanislaw"]
[Result "0-1"]
[WhiteTitle "k+"]
[BlackTitle "k"]
[WhiteElo "2194"]
[BlackElo "2094"]

1. Nf3 Nf6 2. c4 g6 3. b4 Bg7 4. Bb2 O-O 5. g3 d6 6. Bg2 e5 7. d3 Nc6 8. b5 Ne7
9. Nbd2 c5 10. bxc6 bxc6 11. O-O Rb8 12. Qc2 c5 13. Rab1 Bd7 14. e3 Nc6 15. Bc3
Nb4 16. Bxb4 cxb4 17. a3 bxa3 18. Rxb8 Qxb8 19. Rb1 Qc7 20. Qb3 Rc8 21. Qxa3 d5
22. cxd5 Nxd5 23. Ng5 Nb6 24. Qa2 Rf8 25. Ra1 h6 26. Nge4 Na4 27. Qa3 Rc8 28.
Nb3 Bf8 29. Qa2 Be7 30. d4 Kg7 31. h3 f5 32. Nec5 Nxc5 33. Nxc5 Bxc5 34. dxc5
Qxc5 35. Qxa7 Qc7 36. f4 e4 37. Qd4+ Kf7 38. Ra7 Qc1+ 39. Bf1 Rc7 40. Qd5+ Be6
41. Qa5 Qxe3+ 0-1

[Event "Druzynowe Mistrzostwa Polski - II Liga Seniorow"]
[Site "Ustron/Slaski Zwiazek Szachowy"]
[Date "2008.09.06"]
[Round "1.4"]
[White "Zawierucha, Aleksander"]
[Black "Szymczak, Zbigniew"]
[Result "0-1"]
[WhiteTitle "I++"]
[BlackTitle "IM"]
[WhiteElo "2095"]
[BlackElo "2295"]

1. d4 g6 2. c4 Bg7 3. Nf3 Nf6 4. Nc3 O-O 5. e4 d6 6. Be2 Nbd7 7. Bg5 h6 8. Bh4
e5 9. d5 g5 10. Bg3 Nh5 11. Nd2 Nf4 12. O-O f5 13. exf5 Nxe2+ 14. Qxe2 Nf6 15.
Nde4 Nxe4 16. Nxe4 Bxf5 17. Rac1 b6 18. Rfe1 a5 19. b3 Qe8 20. a3 Qg6 21. h3 h5
22. f3 g4 23. fxg4 hxg4 24. hxg4 Bxg4 25. Qd3 Rf7 26. Bh2 Raf8 27. Nf2 Bf5 28.
Qg3 e4 29. Nh3 Bb2 30. Rcd1 Bxa3 31. Qxg6+ Bxg6 32. Ng5 Bc5+ 33. Kh1 e3 34.
Nxf7 Rxf7 35. Bg3 Bc2 36. Rc1 Bxb3 37. Rc3 a4 38. Rb1 e2 39. Be1 Rh7+ 40. Rh3
Rxh3+ 41. gxh3 Bxc4 42. Rb2 a3 0-1

[Event "Druzynowe Mistrzostwa Polski - II Liga Seniorow"]
[Site "Ustron/Slaski Zwiazek Szachowy"]
[Date "2008.09.06"]
[Round "1.5"]
[White "Kukula, Pawel"]
[Black "Waruga, Wojciech"]
[Result "0-1"]
[WhiteTitle "k+"]
[BlackTitle "I"]
[WhiteElo "2238"]
[BlackElo "2017"]

1. e4 e6 2. d4 b6 3. Nf3 Bb7 4. Bd3 c5 5. c3 Nf6 6. Qe2 Be7 7. O-O d5 8. Nbd2
Nc6 9. e5 Nd7 10. a3 a5 11. b3 Nf8 12. Re1 g5 13. h3 h5 14. g4 hxg4 15. hxg4
cxd4 16. cxd4 Qc7 17. Nf1 f5 18. exf6 Bxf6 19. Bb2 Qf4 20. Ne5 Nxd4 21. Bxd4
Qxd4 22. Bb5+ Ke7 23. Nc6+ Bxc6 24. Bxc6 Rd8 25. Rac1 Qf4 26. Ng3 Bd4 27. Kg2
Bxf2 28. Rc3 Bxe1 29. Qxe1 Ng6 30. Qe2 Nh4+ 31. Kg1 Rhf8 32. Bb7 Nf3+ 33. Kg2
Nd4 34. Qd3 Qf2+ 35. Kh3 Qf4 36. Ba6 Rh8+ 37. Nh5 Qe4 38. Qxe4 dxe4 39. Re3 Nc2
40. Rxe4 Nxa3 41. Kg3 b5 42. Re3 Rd6 43. Bb7 Rb8 44. Be4 b4 45. Ng7 Rg8 46. Nh5
Rc8 47. Re2 Nb5 48. Bh7 Nd4 49. Re1 Rc3+ 50. Kg2 Nf3 51. Ra1 Rd2+ 52. Kf1 Re3
53. Bg6 Ree2 0-1

[Event "Druzynowe Mistrzostwa Polski - II Liga Seniorow"]
[Site "Ustron/Slaski Zwiazek Szachowy"]
[Date "2008.09.06"]
[Round "1.6"]
[White "Gonsior, Monika"]
[Black "Czarnota, Dorota"]
[Result "0-1"]
[WhiteTitle "m"]
[BlackTitle "WIM"]
[WhiteElo "2131"]
[BlackElo "2229"]

1. e4 c6 2. d4 d5 3. exd5 cxd5 4. Bd3 Nc6 5. Nf3 Bg4 6. c3 Qc7 7. Nbd2 Nf6 8.
Qe2 Rc8 9. O-O e6 10. Re1 Be7 11. Nf1 Bh5 12. Bg5 O-O 13. Ng3 Bg6 14. Bxg6 hxg6
15. Rac1 a6 16. Ne5 b5 17. a3 Nd7 18. Nxc6 Bxg5 19. Qg4 Bf6 20. Nb4 Qc4 21.
Nxa6 Rfd8 22. Qe2 Qb3 23. Qd2 Be7 24. Qc2 Qc4 25. Nf1 Nb6 26. Nd2 Qc6 27. Nb3
Nc4 28. Nb4 Qa8 29. Nd3 Bd6 30. f4 Qb8 31. Qf2 g5 32. g3 gxf4 33. gxf4 g6 34.
Nbc5 Kg7 35. b3 Na5 36. Re3 Rh8 37. Qg3 Rce8 38. Rce1 Nc6 39. R1e2 Rh5 40. Rg2
Qc8 41. Qg4 Kf8 42. Rge2 Rf5 43. a4 bxa4 44. bxa4 Kg7 45. Rb2 Na5 46. Rb5 Qd8
47. Rh3 Bxf4 48. Qh4 Be3+ 49. Kg2 Qxh4 50. Rxh4 Ra8 51. Rh3 Nc4 52. Rb7 Kg8 53.
Rf3 Bd2 54. Rxf5 exf5 55. Rb3 Re8 56. Kf1 g5 57. Nb4 Bf4 58. Kf2 Bxh2 59. Nxd5
Kg7 60. Nd3 Bd6 61. Rb1 Rh8 62. Rg1 g4 0-1

[Event "Druzynowe Mistrzostwa Polski - II Liga Seniorow"]
[Site "Ustron/Slaski Zwiazek Szachowy"]
[Date "2008.09.06"]
[Round "1.7"]
[White "Czyz, Artur"]
[Black "Mista, Aleksander"]
[Result "0-1"]
[WhiteTitle "I+"]
[BlackTitle "GM"]
[WhiteElo "2081"]
[BlackElo "2539"]

1. e4 g6 2. d4 Bg7 3. Nc3 d6 4. Be3 a6 5. Qd2 b5 6. f3 Nd7 7. O-O-O Bb7 8. Kb1
Rc8 9. Nge2 c5 10. dxc5 Nxc5 11. Bd4 Nf6 12. Nc1 O-O 13. Nb3 b4 14. Nd5 Bxd5
15. exd5 a5 16. Nxc5 dxc5 17. Be5 Ne4 18. fxe4 Bxe5 19. Bc4 Qd6 20. Rdf1 a4 21.
Rf3 a3 22. bxa3 bxa3 23. Rxa3 Rb8+ 24. Rb3 Rb4 25. Qd3 Ra8 26. Rf1 Rba4 27. a3
Rxa3 28. Kc1 Ra1+ 29. Kd2 Bd4 30. Qf3 Rxf1 31. Bxf1 Qxh2 32. Bc4 Qh6+ 33. Ke2
Qc1 34. Kd3 Bf6 35. Rb7 Qe1 36. Rb3 Ra1 37. Bb5 Qg1 38. Bc6 c4+ 39. Kxc4 Qd4+
40. Kb5 Qa4+ 41. Kb6 Qa7+ 42. Kb5 Ra5+ 43. Kc4 Qd4+ 0-1

[Event "Druzynowe Mistrzostwa Polski - II Liga Seniorow"]
[Site "Ustron/Slaski Zwiazek Szachowy"]
[Date "2008.09.06"]
[Round "1.8"]
[White "Tomczak, Rafal"]
[Black "Swicarz, Maciej"]
[Result "1/2-1/2"]
[WhiteTitle "FM"]
[BlackTitle "m"]
[WhiteElo "2350"]
[BlackElo "2284"]

1. e4 e6 2. d4 d5 3. Nc3 Bb4 4. exd5 exd5 5. Bd3 c6 6. Nge2 Qf6 7. Bf4 Ne7 8.
Qd2 Bf5 9. Be5 Qg6 10. Nf4 Qh6 11. Qe2 f6 12. Bxf5 fxe5 13. Qxe5 Bd6 14. Bg6+
Kd7 15. Bf5+ Ke8 16. Bg6+ Kd7 17. Bf5+ 1/2-1/2

[Event "Druzynowe Mistrzostwa Polski - II Liga Seniorow"]
[Site "Ustron/Slaski Zwiazek Szachowy"]
[Date "2008.09.06"]
[Round "1.9"]
[White "Rudnicki, Milosz"]
[Black "Budrewicz, Krzysztof"]
[Result " - "]
[WhiteTitle "I++"]
[BlackTitle "m"]
[WhiteElo "2197"]
[BlackElo "2333"]

1. e4 d5 2. exd5 Nf6 3. c4 c6 4. Nc3 cxd5 5. d4 Nc6 6. Bg5 Be6 7. Nf3 h6 8.
Bxf6 exf6 9. Qb3 Bb4 10. c5 O-O 11. O-O-O Rb8 12. a3 Ba5 13. Qc2 Bc7 14. Bb5 a6
15. Bd3 Qd7 16. Kb1 Kh8 17. Ka1 Rfd8 18. Rhe1 Bg4 19. Ne2 b6 20. Nh4 bxc5 21.
f3 Be6 22. dxc5 Be5 23. Rb1 Qc7 24. g3 Qa5 25. f4 Qxa3+ 0-1

[Event "Druzynowe Mistrzostwa Polski - II Liga Seniorow"]
[Site "Ustron/Slaski Zwiazek Szachowy"]
[Date "2008.09.06"]
[Round "1.10"]
[White "Lisowski, Krzysztof"]
[Black "Lercel, Michal"]
[Result "0-1"]
[WhiteTitle "k"]
[BlackTitle "k"]
[WhiteElo "2199"]
[BlackElo "2178"]

1. e4 c5 2. Nf3 Nc6 3. Bb5 d6 4. O-O Bd7 5. Re1 a6 6. Bxc6 Bxc6 7. c3 Nf6 8. d4
Bxe4 9. Bg5 d5 10. Nbd2 e6 11. Nxe4 dxe4 12. Rxe4 Be7 13. Bxf6 Bxf6 14. d5 O-O
15. dxe6 Qxd1+ 16. Rxd1 fxe6 17. Rxe6 Rfd8 18. Red6 b5 19. Rxd8+ Rxd8 20. Rxd8+
Bxd8 21. Kf1 Kf7 22. Ke2 Ke6 23. Ke3 Kd5 24. Nd2 a5 25. a4 bxa4 26. c4+ Ke5 27.
Ne4 Be7 28. f4+ Kf5 29. Kf3 h5 30. g3 g6 31. h3 Bf8 32. g4+ hxg4+ 33. hxg4+ Ke6
34. Ke3 Be7 35. Nc3 Bf6 36. Nxa4 Kd6 37. Ke4 Bd4 38. b3 Kc6 39. Kd3 Kd6 40. Nc3
Ke6 41. Nb5 Bb2 42. Ke4 Bc1 43. f5+ gxf5+ 44. gxf5+ Kf6 45. Nc7 Bb2 46. Ne6 Ba3
47. Kd5 Ke7 1-0

[Event "Druzynowe Mistrzostwa Polski - II Liga Seniorow"]
[Site "Ustron/Slaski Zwiazek Szachowy"]
[Date "2008.09.06"]
[Round "1.11"]
[White "Zminda, Bogdan"]
[Black "Migala, Andrzej"]
[Result "1/2-1/2"]
[WhiteTitle "I++"]
[BlackTitle "I+"]
[WhiteElo "2156"]
[BlackElo "2091"]

1. e4 c5 2. Nf3 d6 3. d4 cxd4 4. Nxd4 Nf6 5. Nc3 a6 6. Bg5 e6 7. Qd2 h6 8. Bh4
Nxe4 9. Nxe4 Qxh4 10. Qe3 d5 11. Nc3 Bc5 12. Nf5 Bxe3 13. Nxh4 Ba7 14. f4 Nc6
15. g3 Bd7 16. Nf3 Nd4 17. Nxd4 Bxd4 18. Ne2 Bf6 19. O-O-O Bb5 20. b3 Rc8 21.
a4 Bd7 22. Nd4 O-O 23. Nf3 Rc3 24. Rd3 Rfc8 25. Rxc3 Bxc3 26. Ne5 Bxe5 27. fxe5
f6 28. exf6 gxf6 29. Bg2 Kf7 30. Kb2 Bc6 31. Rd1 Ke7 32. Rd4 e5 33. Rh4 Rh8 34.
c3 Kd6 35. a5 Rh7 36. Bf1 1/2-1/2

[Event "Druzynowe Mistrzostwa Polski - II Liga Seniorow"]
[Site "Ustron/Slaski Zwiazek Szachowy"]
[Date "2008.09.06"]
[Round "1.12"]
[White "Krestianowa, Tatiana"]
[Black "Hermanowicz, Dominika"]
[Result "1-0"]
[WhiteTitle ""]
[BlackTitle "k"]
[WhiteElo "2194"]
[BlackElo "2118"]

1. e4 c5 2. c3 d5 3. exd5 Qxd5 4. d4 Nf6 5. Nf3 Bg4 6. dxc5 Qxc5 7. h3 Bh5 8.
Na3 Nbd7 9. Be3 Qc8 10. Nc4 Qc7 11. Qa4 Bxf3 12. gxf3 Qc6 13. Qxc6 bxc6 14. Na5
c5 15. O-O-O a6 16. Nb7 e6 17. Nd6+ Ke7 18. Bc4 g6 19. Nb7 Ke8 20. Rd2 Be7 21.
Rhd1 Ra7 22. Nxc5 Nxc5 23. Bxc5 Rc7 24. Bxe7 Kxe7 25. Bxa6 Ra8 26. Bb5 Rxa2 27.
Kb1 Ra5 28. c4 Rca7 29. Kc2 Nd5 30. Kb3 Kf6 31. Bc6 Nf4 32. h4 e5 33. Rd6+ Kg7
34. Rd7 R7a6 35. Bd5 Rb6+ 36. Kc2 Rf6 37. Re1 Nxd5 38. Rxd5 Ra4 39. Kb3 Ra7 40.
Re3 Rf4 41. c5 Rb7+ 42. Kc3 Rxh4 43. c6 Rc7 44. Rc5 Ra4 45. b4 Ra1 46. b5 Rca7
47. b6 1-0

[Event "Druzynowe Mistrzostwa Polski - II Liga S"]
[Site "Ustron/Slaski Zwiazek Szachowy"]
[Date "2008.09.06"]
[Round "1.13"]
[White "Juroszek, Tadeusz"]
[Black "Nguyen, Piotr"]
[Result "0-1"]
[WhiteElo "2397"]
[BlackElo "2329"]
[PlyCount "92"]
[EventDate "2008.??.??"]

1. e4 g6 2. d4 Bg7 3. Nc3 c5 4. d5 d6 5. Nf3 Nf6 6. Bb5+ Bd7 7. a4 O-O 8. h3
Na6 9. O-O Nc7 10. Bxd7 Nxd7 11. Re1 a6 12. a5 b5 13. axb6 Nxb6 14. Qe2 Qd7 15.
Bd2 e6 16. dxe6 fxe6 17. Rad1 Nb5 18. Nxb5 axb5 19. b3 Ra2 20. Be3 Qc6 21. Ng5
Re8 22. Bf4 Bd4 23. Nf3 e5 24. Bh6 Bc3 25. Rf1 c4 26. Ng5 b4 27. Qf3 Ra7 28.
Qf6 Bd4 29. Nf3 Rf7 30. Nxd4 Qc5 31. Ne6 Rxf6 32. Nxc5 dxc5 33. Be3 Rc8 34. Ra1
cxb3 35. cxb3 c4 36. Bxb6 Rxb6 37. bxc4 b3 38. f3 Rxc4 39. Rab1 Rc2 40. Rf2 Kf7
41. Rff1 b2 42. Kh2 Rd6 43. Kg3 Rdd2 44. Rg1 g5 45. h4 gxh4+ 46. Kh3 Kf6 0-1

[Event "Druzynowe Mistrzostwa Polski - II Liga S"]
[Site "Ustron/Slaski Zwiazek Szachowy"]
[Date "2008.09.06"]
[Round "1.14"]
[White "Michniewski, Tomasz"]
[Black "Dawidow, Jacek"]
[Result "0-1"]
[WhiteElo "2227"]
[BlackElo "2306"]
[PlyCount "64"]
[EventDate "2008.??.??"]

1. d4 Nf6 2. c4 e6 3. Nf3 b6 4. Nc3 Bb4 5. Bg5 Bb7 6. e3 h6 7. Bh4 g5 8. Bg3
Ne4 9. Nd2 Nxc3 10. bxc3 Bxc3 11. Rc1 Bb4 12. h4 gxh4 13. Rxh4 Nc6 14. Bd3 Qe7
15. d5 Na5 16. Rf4 f5 17. Kf1 Bd6 18. Bh4 Qf7 19. Be2 O-O 20. Ne4 Be5 21. Rf3
Kh8 22. Nc3 Rg8 23. Rh3 Qg7 24. Rg3 Bxg3 25. Bxg3 e5 26. Bf3 d6 27. e4 f4 28.
Bh4 Bc8 29. Ne2 Bg4 30. Ng1 Raf8 31. Nh3 Bxf3 32. Qxf3 Qg4 0-1

[Event "Druzynowe Mistrzostwa Polski - II Liga S"]
[Site "Ustron/Slaski Zwiazek Szachowy"]
[Date "2008.09.06"]
[Round "1.15"]
[White "Kulesza, Mateusz"]
[Black "Szymczak, Rafal"]
[Result "0-1"]
[WhiteElo "2280"]
[BlackElo "2118"]
[PlyCount "80"]
[EventDate "2008.??.??"]

1. e4 c6 2. d4 d5 3. e5 c5 4. dxc5 e6 5. Nf3 Bxc5 6. Bd3 Ne7 7. O-O Nbc6 8. Nc3
a6 9. Bf4 Ng6 10. Bg3 O-O 11. h4 f6 12. Bxg6 hxg6 13. Qd3 Kf7 14. Ne2 Ne7 15.
h5 Rh8 16. hxg6+ Nxg6 17. c4 Qb6 18. Rac1 Rd8 19. exf6 gxf6 20. Nh4 Rg8 21.
Nxg6 Rxg6 22. cxd5 e5 23. Rc3 Bd6 24. Qe3 Qxe3 25. Rxe3 b5 26. Rc1 Bb7 27. f4
Rag8 28. fxe5 fxe5 29. Bxe5 Bxd5 30. Bxd6 Rxd6 31. Nf4 Bxa2 32. b3 Rgd8 33. Rc5
Bb1 34. Rce5 Rd1+ 35. Kf2 R1d2+ 36. Kf3 R8d7 37. g4 Bg6 38. Re6 Bc2 39. Rxa6
Re7 40. Rb6 Bd1+ 0-1

[Event "Druzynowe Mistrzostwa Polski - II Liga S"]
[Site "Ustron/Slaski Zwiazek Szachowy"]
[Date "2008.09.06"]
[Round "1.16"]
[White "Spicak, Krzysztof"]
[Black "Flasinski, Michal"]
[Result "0-1"]
[WhiteElo "2011"]
[BlackElo "2236"]
[PlyCount "42"]
[EventDate "2008.??.??"]

1. f4 d5 2. g3 c5 3. Nf3 Nc6 4. Bg2 g6 5. O-O Bg7 6. d3 Nf6 7. Na3 O-O 8. c3
Rb8 9. Qc2 b5 10. e4 b4 11. Nb1 bxc3 12. bxc3 dxe4 13. dxe4 Qa5 14. Rd1 e5 15.
fxe5 Ng4 16. Bf4 Ngxe5 17. Nxe5 Nxe5 18. Rd5 Re8 19. Nd2 Bb7 20. Nb3 Qb6 21.
Rf1 Rbc8 {dalej oba zapisy nie do odtworzenia} 0-1

[Event "Druzynowe Mistrzostwa Polski - II Liga S"]
[Site "Ustron/Slaski Zwiazek Szachowy"]
[Date "2008.09.06"]
[Round "1.17"]
[White "Wojciechowski, Piotr"]
[Black "Borysiak, Boguslaw"]
[Result "1-0"]
[WhiteElo "2247"]
[BlackElo "2162"]
[PlyCount "49"]
[EventDate "2008.??.??"]

1. e4 c5 2. Nf3 d6 3. d4 cxd4 4. Nxd4 Nf6 5. Nc3 g6 6. Be3 Bg7 7. f3 O-O 8. Qd2
Nc6 9. O-O-O Nxd4 10. Bxd4 Be6 11. Kb1 Rc8 12. h4 h5 13. Be2 a6 14. g4 hxg4 15.
h5 Qd7 16. h6 Nxe4 17. fxe4 Bxd4 18. Qxd4 f6 19. Nd5 Rc6 20. Bc4 Bf7 21. Qxf6
exf6 22. Nxf6+ Kh8 23. Nxd7 Rxc4 24. Nxf8 Rc8 25. Nd7 1-0

[Event "Druzynowe Mistrzostwa Polski - II Liga S"]
[Site "Ustron/Slaski Zwiazek Szachowy"]
[Date "2008.09.06"]
[Round "1.18"]
[White "Leszner, Liliana"]
[Black "Szydlowska, Marta"]
[Result "0-1"]
[WhiteElo "2140"]
[BlackElo "2032"]
[PlyCount "94"]
[EventDate "2008.??.??"]

1. e4 d5 2. exd5 Qxd5 3. Nc3 Qa5 4. Bc4 Nf6 5. h3 Bf5 6. Nf3 e6 7. O-O Bd6 8.
Nb5 O-O 9. d3 a6 10. Bd2 Qb6 11. Be3 c5 12. Nxd6 Qxd6 13. a4 Nc6 14. Nh4 Bg6
15. f4 Nd5 16. Bd2 Nd4 17. c3 Nf5 18. Nxf5 Bxf5 19. Qf3 Nb6 20. Rfd1 Nxc4 21.
dxc4 Bc2 22. Be3 Bxd1 23. Rxd1 Qc7 24. Qh5 b6 25. a5 bxa5 26. Bxc5 Rfd8 27. Bd4
Qxc4 28. Qxa5 Rd5 29. Qa3 Rb8 30. Kh1 Qe2 31. Qa4 Qxb2 32. Qxa6 Qc2 33. Rf1 h6
34. Rf2 Qc1+ 35. Kh2 h5 36. Qa7 Rb1 37. Qe7 Rf5 38. Be5 Qg1+ 39. Kg3 Qe1 40.
Bd4 Rb2 41. Qc7 Rd2 42. Qc4 h4+ 43. Kf3 Qd1+ 44. Ke3 Rxf2 45. Kxf2 Rxf4+ 46.
Ke3 Qc1+ 47. Ke2 Qf1+ 0-1

[Event "Druzynowe Mistrzostwa Polski - II Liga S"]
[Site "Ustron/Slaski Zwiazek Szachowy"]
[Date "2008.09.06"]
[Round "1.19"]
[White "Slabek, Grzegorz"]
[Black "Mikrut, Dariusz"]
[Result "0-1"]
[WhiteElo "2160"]
[BlackElo "2397"]
[PlyCount "128"]
[EventDate "2008.??.??"]

1. d4 c5 2. Nf3 cxd4 3. Nxd4 g6 4. e3 Bg7 5. c4 Nc6 6. Nc3 Nf6 7. Be2 O-O 8.
O-O Nxd4 9. exd4 d5 10. cxd5 Nxd5 11. Bf3 Nb6 12. d5 Nc4 13. Re1 Bf5 14. Qe2
Ne5 15. Be4 Bxe4 16. Qxe4 Rc8 17. Qe2 Re8 18. Rd1 Nc4 19. Rb1 Qd7 20. Bf4 b6
21. Ne4 Qf5 22. Bc1 Red8 23. b3 Na5 24. g4 Qe5 25. Bb2 Qf4 26. Bxg7 Kxg7 27.
Ng3 Rd7 28. Rb2 Rcd8 29. Rbd2 Nb7 30. Rd4 Qc7 31. Nf1 Nc5 32. R4d2 Qf4 33. Rd4
Qf6 34. R4d2 Qf4 35. Rd4 Qf6 36. R4d2 Qg5 37. h3 h6 38. Qc4 Qf6 39. Qe2 Qc3 40.
Kg2 Qf6 41. Qc4 Nb7 42. Qa6 Nd6 43. Qe2 Rc7 44. Rc2 Rxc2 45. Qxc2 Rc8 46. Qe2
Rc7 47. Kg3 Rc3+ 48. Kg2 Rc5 49. Kg3 Qg5 50. f4 Rc3+ 51. Rd3 Qxd5 52. Rxc3 Ne4+
53. Kh2 Nxc3 54. Qxe7 Qd4 55. Kg2 Qxf4 56. Qxa7 Qe4+ 57. Kg1 Ne2+ 58. Kf2 Nd4
59. Nh2 Qe2+ 60. Kg1 Qe3+ 61. Kg2 Ne6 62. Nf3 Nf4+ 63. Kg3 Nd3 64. g5 Qf2+ 0-1

[Event "Druzynowe Mistrzostwa Polski - II Liga S"]
[Site "Ustron/Slaski Zwiazek Szachowy"]
[Date "2008.09.06"]
[Round "1.20"]
[White "Wcislo, Damian"]
[Black "Gbyl, Andrzej"]
[Result "0-1"]
[WhiteElo "2216"]
[BlackElo "2236"]
[PlyCount "58"]
[EventDate "2008.??.??"]

1. d4 d5 2. c4 c6 3. Nf3 Nf6 4. Nc3 e6 5. e3 Nbd7 6. Bd3 b6 7. O-O Bb7 8. Re1
Be7 9. b3 O-O 10. Bb2 c5 11. cxd5 exd5 12. Qc2 Rc8 13. Rac1 Bd6 14. Qb1 Re8 15.
Nb5 Bb8 16. dxc5 bxc5 17. Bf5 d4 18. exd4 Bxf3 19. Rxe8+ Qxe8 20. gxf3 Qe2 21.
a4 Qxf3 22. dxc5 Ng4 23. Bxg4 Qxg4+ 24. Kh1 Qf3+ 25. Kg1 Rc6 26. Nd6 Rxc5 27.
Ne4 Bxh2+ 28. Kf1 Rxc1+ 29. Bxc1 Bf4 0-1

[Event "Druzynowe Mistrzostwa Polski - II Liga S"]
[Site "Ustron/Slaski Zwiazek Szachowy"]
[Date "2008.09.06"]
[Round "1.21"]
[White "Zaskalski, Arkadiusz"]
[Black "Betkowski, Andrzej"]
[Result "0-1"]
[WhiteElo "2217"]
[BlackElo "2201"]
[PlyCount "66"]
[EventDate "2008.??.??"]

1. Nf3 e6 2. c4 f5 3. g3 Nf6 4. Bg2 Be7 5. O-O O-O 6. d4 d6 7. Nc3 a5 8. Qc2
Nc6 9. a3 e5 10. dxe5 dxe5 11. Rd1 Qe8 12. Nd5 Bd8 13. Nxf6+ Bxf6 14. e4 f4 15.
gxf4 exf4 16. Bxf4 Bxb2 17. Qxb2 Rxf4 18. Nd4 Bg4 19. Rd2 Rb8 20. Nxc6 Qxc6 21.
Qe5 Rf7 22. Qg5 Be6 23. c5 Rbf8 24. Rad1 Bb3 25. Rb1 h6 26. Qe3 a4 27. e5 Qg6
28. Re1 c6 29. Qg3 Qh5 30. e6 Re7 31. Re5 Qe8 32. Rde2 Rf6 33. Qh4 Rfxe6 0-1

[Event "Druzynowe Mistrzostwa Polski - II Liga S"]
[Site "Ustron/Slaski Zwiazek Szachowy"]
[Date "2008.09.06"]
[Round "1.22"]
[White "Wozniak, Maciej"]
[Black "Szromba, Krzysztof"]
[Result "0-1"]
[WhiteElo "2221"]
[BlackElo "2186"]
[PlyCount "46"]
[EventDate "2008.??.??"]

1. e4 c5 2. Nc3 Nc6 3. g3 g6 4. Bg2 Bg7 5. d3 e5 6. f4 d6 7. Nh3 Nge7 8. f5
gxf5 9. Qh5 h6 10. O-O Nd4 11. Rf2 Be6 12. Be3 Qd7 13. Raf1 O-O-O 14. Nd5 fxe4
15. dxe4 Ng6 16. Bxd4 cxd4 17. Qe2 Rhf8 18. Rf3 Bxd5 19. exd5 f5 20. Nf2 e4 21.
Ra3 Kb8 22. Bh3 Qf7 23. Qh5 Ne7 {Dalej zapisy niepoprawne} 0-1

[Event "Druzynowe Mistrzostwa Polski - II Liga S"]
[Site "Ustron/Slaski Zwiazek Szachowy"]
[Date "2008.09.06"]
[Round "1.23"]
[White "Wolak, Jacek"]
[Black "Kusina, Jan"]
[Result "0-1"]
[WhiteElo "2093"]
[BlackElo "2147"]
[PlyCount "40"]
[EventDate "2008.??.??"]

1. d4 d5 2. c4 e6 3. Nc3 c6 4. Nf3 Nf6 5. Bg5 dxc4 6. e4 b5 7. e5 h6 8. Bh4 g5
9. Nxg5 hxg5 10. Bxg5 Nbd7 11. exf6 Qc7 12. g3 Bb7 13. Bg2 O-O-O 14. O-O Ne5
15. dxe5 Rxd1 16. Raxd1 b4 17. Ne4 Qxe5 18. Rd2 c3 19. bxc3 bxc3 20. Rc2 Bb4
0-1

[Event "Druzynowe Mistrzostwa Polski - II Liga S"]
[Site "Ustron/Slaski Zwiazek Szachowy"]
[Date "2008.09.06"]
[Round "1.24"]
[White "Pokojska, Daria"]
[Black "Kaminska, Paulina"]
[Result "1-0"]
[WhiteElo "2150"]
[BlackElo "1919"]
[PlyCount "44"]
[EventDate "2008.??.??"]

1. c4 Nf6 2. Nc3 g6 3. g3 Bg7 4. Bg2 c6 5. e4 d6 6. Nge2 e5 7. d3 O-O 8. O-O
Nbd7 9. h3 Nb6 10. b4 Be6 11. c5 Nc8 12. Qc2 d5 13. exd5 Nxd5 14. Nxd5 Bxd5 15.
Nc3 Bxg2 16. Kxg2 Re8 17. Ne4 Qd5 18. Kh2 f5 19. Nc3 Qf7 20. Bb2 Ne7 21. d4 Nd5
22. Nxd5 Qxd5 1-0

[Event "Druzynowe Mistrzostwa Polski - II Liga S"]
[Site "Ustron/Slaski Zwiazek Szachowy"]
[Date "2008.09.06"]
[Round "1.25"]
[White "Cichocki, Adam"]
[Black "Gralka, Julian"]
[Result "1/2-1/2"]
[WhiteElo "2320"]
[BlackElo "2268"]
[PlyCount "57"]
[EventDate "2008.??.??"]

1. d4 Nf6 2. c4 e6 3. g3 d5 4. Bg2 Be7 5. Nf3 O-O 6. O-O c6 7. Nbd2 Nbd7 8. Qc2
b6 9. e4 Bb7 10. b3 Rc8 11. Bb2 c5 12. exd5 exd5 13. Ne5 cxd4 14. Bxd4 Nc5 15.
Rfd1 dxc4 16. Bxc5 Bxg2 17. Ndxc4 Bd5 18. Bxe7 Qxe7 19. Qf5 Ba8 20. Nd7 Rfd8
21. Nxf6+ Qxf6 22. Qxf6 gxf6 23. f4 b5 24. Ne3 Re8 25. Rac1 Rxc1 26. Rxc1 Rxe3
27. Rc8+ Kg7 28. Rxa8 Re7 29. Kf2 1/2-1/2

[Event "Druzynowe Mistrzostwa Polski - II Liga S"]
[Site "Ustron/Slaski Zwiazek Szachowy"]
[Date "2008.09.06"]
[Round "1.26"]
[White "Mazalon, Mariusz"]
[Black "Dlugosz, Jedrzej"]
[Result "1-0"]
[WhiteElo "2148"]
[BlackElo "2340"]
[PlyCount "65"]
[EventDate "2008.??.??"]

1. d4 Nf6 2. c4 g6 3. Nc3 Bg7 4. e4 d6 5. Bg5 O-O 6. Qd2 c5 7. d5 e6 8. Bd3
exd5 9. exd5 Re8+ 10. Nge2 Nbd7 11. f4 Qa5 12. Nb5 Qb6 13. a4 a6 14. Nbc3 Qa5
15. O-O h6 16. Bh4 Nh7 17. g4 Ndf6 18. h3 Bd7 19. Rf3 b5 20. g5 b4 21. gxf6
bxc3 22. Nxc3 Nxf6 23. Kh2 Kf8 24. Rg1 Ng8 25. Qc2 Ne7 26. f5 Be5+ 27. Kh1 g5
28. f6 Ng8 29. Ne4 Qd8 30. Qf2 Bd4 31. Qh2 Bxa4 32. Bg3 Rxe4 33. Bxe4 1-0

[Event "Druzynowe Mistrzostwa Polski - II Liga S"]
[Site "Ustron/Slaski Zwiazek Szachowy"]
[Date "2008.09.06"]
[Round "1.27"]
[White "Murawski, Wieslaw"]
[Black "Olszewski, Marek"]
[Result "0-1"]
[WhiteElo "2097"]
[BlackElo "2151"]
[PlyCount "83"]
[EventDate "2008.??.??"]

1. e4 Nc6 2. d4 d5 3. Nc3 Nf6 4. e5 Ng8 5. Nce2 f6 6. Nf4 g6 7. Nf3 Bg7 8. Bb5
a6 9. Bxc6+ bxc6 10. O-O Nh6 11. Re1 O-O 12. exf6 exf6 13. c4 g5 14. Nh5 Bg4
15. Nxg7 Kxg7 16. h3 Bf5 17. Be3 dxc4 18. Qc1 Nf7 19. Qxc4 Qd5 20. Qxd5 cxd5
21. Rac1 Rfc8 22. Bd2 a5 23. Rc5 c6 24. Rxa5 Rxa5 25. Bxa5 Ra8 26. b4 Kf8 27.
Rc1 Bd7 28. Rc2 Nd6 29. Bb6 Kf7 30. Nd2 Ra4 31. Bc5 Ne4 32. Nxe4 dxe4 33. a3
Rxa3 34. b5 Ra1+ 35. Kh2 cxb5 36. d5 Ra8 37. d6 Ke6 38. Re2 Kd5 39. Bb4 f5 40.
Rc2 Ra6 41. Rb2 f4 42. g3 0-1